GETS Theological Seminary Library

中國少數民族祈禱手冊 (Record no. 30136)

MARC details
000 -LEADER
fixed length control field 00631nam a2200205Ia 4500
008 - FIXED-LENGTH DATA ELEMENTS--GENERAL INFORMATION
fixed length control field 201007s9999||||xx |||||||||||||| ||und||
020 ## - INTERNATIONAL STANDARD BOOK NUMBER
International Standard Book Number 9628808850
020 ## - INTERNATIONAL STANDARD BOOK NUMBER
International Standard Book Number 9789628808854
041 ## - LANGUAGE CODE
Language code of text/sound track or separate title chi
050 ## - LIBRARY OF CONGRESS CALL NUMBER
Classification number BV3415.2
Item number .Z46 2006
110 ## - MAIN ENTRY--CORPORATE NAME
Corporate name or jurisdiction name as entry element 以勒基金
245 #0 - TITLE STATEMENT
Title 中國少數民族祈禱手冊
Remainder of title /
Statement of responsibility, etc. 以勒基金
246 ## - VARYING FORM OF TITLE
Title proper/short title 中国少数民族祈祷手册
260 ## - PUBLICATION, DISTRIBUTION, ETC.
Place of publication, distribution, etc. 香港 :
Name of publisher, distributor, etc. 香港學園傳道會,
Date of publication, distribution, etc. 2006
300 ## - PHYSICAL DESCRIPTION
Extent 151 p. :
Other physical details ill. ;
Dimensions 21 cm.
650 ## - SUBJECT ADDED ENTRY--TOPICAL TERM
Topical term or geographic name entry element Minorities -- China -- Prayers and devotions.
650 ## - SUBJECT ADDED ENTRY--TOPICAL TERM
Topical term or geographic name entry element Missions -- China -- Prayers and devotions. 
650 ## - SUBJECT ADDED ENTRY--TOPICAL TERM
Topical term or geographic name entry element Prayer books.
Holdings
Withdrawn status Lost status Damaged status Not for loan Home library Current library Shelving location Date acquired Total Checkouts Full call number Barcode Date last seen Date last checked out Price effective from Koha item type Copy number
        GETS Theological Seminary Library GETS Theological Seminary Library General Stacks 10/07/2020 1 BV3415.2 .Z46 2006 00017707 10/05/2021 08/18/2021 10/07/2020 Chinese Book  
        GETS Theological Seminary Library GETS Theological Seminary Library General Stacks 11/25/2020   BV3415.2.Z46 2006 00019423 11/25/2020   11/25/2020 Chinese Book c. 2
OpacCredits

Contact the Librarian, GETS Library
Email: library@mygets.org









Implemented by GETS Library
(Powered by ETCA Professional Group)
GETS Theological Seminary
412 E. Rowland Street, CA 91723